COOL (Запис № 18027)
[ простий вигляд ]
| 000 -Маркер запису | |
|---|---|
| Контрольне поле сталої довжини | 02227nam a22002297a 4500 |
| 003 - Належність контрольного номера | |
| Контрольне поле | Uzh_bibl |
| 008 - Кодовані дані | |
| Контрольне поле сталої довжини | 260525b |||||||| |||| 00| 0 ukr d |
| 020 ## - Індекс ISBN | |
| ISBN | 978-0-00-787479-8 |
| Ціна | 100.00 |
| 040 ## - Джерело каталогіз. | |
| Код мови каталог. | укр. |
| 041 ## - Код мови видання | |
| Код мови оригіналу | англійська |
| Код мови тексту | англійська |
| 080 ## - Індекс УДК | |
| Індекс УДК | 821(410) |
| 090 ## - Шифри | |
| Поличний індекс | 821(410) |
| Авторський знак | М 83 |
| 100 ## - Автор | |
| Автор | Morpurgo, Michael |
| 245 ## - Назва | |
| Назва | COOL |
| Фізичний носій | Text |
| Відповідальність | il.Michael Foreman |
| 260 ## - Вихідні дані | |
| Місце видання | London |
| Видавництво | HarperCollins Publishers UK |
| Дата видання | 2003 |
| 300 ## - Фізичний опис | |
| Обсяг | 104 s. |
| Ілл./тип відтвор. | il. |
| 520 ## - Анотація | |
| Анотація | Надихаюча нова історія Майкла Морпурго про Роббі, хлопчика в комі, який став жертвою автокатастрофи. Замкнений у власній голові, здатний чути, але не рухатися чи говорити, Роббі намагається не зануритися ще глибше в непритомність.<br/><br/>Роббі, футбольний фанат і любитель тварин, одного дня біжить за своїм собакою Лакі, коли той ганяється за котом і його збиває машина. Без свідомості Роббі лежить у лікарні, не може говорити, рухатися чи їсти. Але він чує; Він усвідомлює це, хоча його родина та друзі цього не знають. У його голові ми чуємо думки Роббі; про маму і сестру, чому його батьки розлучені. Його друзі та родина відчайдушно намагаються зв'язатися з ним — навіть Зола, його улюблений футболіст «Челсі», приходить до нього. І все одно Роббі не може «прокинутися». Поки одного дня, порушуючи правила лікарні, тато приводить Лакі до лікарні. Чи зможе Лакі повернути Роббі до життя? |
| 521 ## - Примітка про цільове призначення | |
| Примітка про цільове призначення | Для підлітків |
| 546 ## - Примітка про мову | |
| Примітка про мову | укр. |
| 650 ## - Тематичні рубрики | |
| Основна рубрика | Літературно-художне видання |
| 942 ## - ADDED ENTRY ELEMENTS (KOHA) | |
| Джерело класифікації чи схема поличного розташування | |
| Koha item type | Книги |
| Статус вилучення | Статус втрати/відсутності | Джерело класифікації чи схема поличного розташування | Статус пошкодження | Тип обігу (не для випозичання) | Постійне розташування | Поточне розташування | Дата надходження | Джерело надходження (постачальник) | Інвентарний номер | Total Checkouts | Повний (примірниковий) шифр зберігання | Штрих-код | Date last seen | Дата, для якої чинна ціна заміни | Тип одиниці (рівень примірника) |
|---|---|---|---|---|---|---|---|---|---|---|---|---|---|---|---|
| Бібліотека-філія № 1 для дітей | Бібліотека-філія № 1 для дітей | 23/04/2026 | Подаровані | 80887 | 821(410) | 19447 | 01/06/2026 | 01/06/2026 | Книги |